| 000 | 01401cam a22003014a 4500 | ||
|---|---|---|---|
| 001 | vtls003112964 | ||
| 003 | MY-SjTCS | ||
| 005 | 20200306164915.0 | ||
| 008 | 110218s2007 gw ae b 000 0 eng | ||
| 020 | _a9783764381196 (English ed. : hd. bd.) | ||
| 020 | _a3764381191 (English ed. : hd. bd.) | ||
| 020 | _a9783764381189 (German language ed.) | ||
| 035 | _a14821289 | ||
| 039 | 9 |
_a201102181641 _bVLOAD _c201102181618 _dVLOAD _c200806191021 _dpushpa _c200806191010 _dpushpa _y200806020852 _zshuhada |
|
| 082 | 0 | 4 |
_a728 _bHOU |
| 245 | 0 | 0 |
_aHousing for people of all ages : _bflexible, unrestricted, senior-friendly / _cChristian Schittich (ed.) ; with essays contributed by Peter Ebner ... [et al.] ; [translation, German/English, Catherine Anderle-Neill, Susan Richter]. |
| 246 | 3 |
_aIn detail : _bHousing for people of all ages |
|
| 260 |
_aMunchen : _bEdition DETAIL, Institut fur Internationale Architektur-Dokumentation GmbH ; _aBasel : _bBirkhauser, _cc2007. |
||
| 300 |
_a176 p. : _bill. (some col.), plans ; _c31 cm. |
||
| 440 | 0 |
_aIn detail _920813 |
|
| 504 | _aIncludes bibliographical references (p. 173-174). | ||
| 504 | _aInternet addresses (selection): p. 175. | ||
| 650 | 0 |
_aDwellings _xBarrier-free design _zEurope. _9256296 |
|
| 650 | 0 |
_aUniversal design _zEurope. _9256297 |
|
| 700 | 1 |
_aSchittich, Christian. _918061 |
|
| 700 | 1 |
_aEbner, Peter. _9256298 |
|
| 920 | _aBLT(DIP) : 526954 | ||
| 999 | _c51547 | ||